000 00438nam a22001697a 4500
003 NUST - PNEC
005 20170116181001.0
008 150912b xxu||||| |||| 00| 0 eng d
020 _a0442012187
040 _cLIBRARY
082 _a005.1 SHA
100 _99526
_aSharp, Alec
245 _aSoftware quality and productivity
_cAlec Sharp
260 _cc.1993
650 _99531
_aComputer software--Development
_xMIS
942 _2ddc
_cBK
999 _c66711
_d66711